000 00771nac a22002171u 4500
010 _a 96052121
020 _a0813327067 (hard)
020 _a0813327075 (pbk.)
082 0 0 _a321.8
_bTOU
090 _c7302
_d7302
100 _aTouraine, Alain.
245 1 0 _aWhat is democracy? /
_cAlain Touraine ; translated by David Macey.
260 _aBoulder, CO :
_bWestviewPress,1997
_c1997.
300 _aix, 224 p. ;
_c23 cm.
500 _adistributer: Al-Ahram
504 _aIncludes bibliographical references (p. 199-205) and index.
511 _acatalogued by: wessam
650 0 _aDemocracy.
942 _cBB
_k321.8TOU
999 _c7302
_d7302